| 000 | 00372nam a2200145Ia 4500 | ||
|---|---|---|---|
| 005 | 20250729165722.0 | ||
| 008 | 250729s2011 xx 000 0 und d | ||
| 041 | _aeng | ||
| 082 | _a900.7 SEEA | ||
| 100 |
_aSeetharam Bhat _9231327 |
||
| 245 | _aA Text Book of History - II | ||
| 260 |
_aBangalore _bSapna Book House _c2011 |
||
| 300 | _a319p | ||
| 650 |
_aHistory _9231328 |
||
| 999 |
_c239226 _d239226 |
||